Quản trị nguồn nhân lực = Human resource management
Uloženo v:
| Hlavní autor: | |
|---|---|
| Médium: | Kniha |
| Jazyk: | Undetermined |
| Vydáno: |
H.
Giáo Dục
|
| Témata: | |
| Tagy: |
Přidat tag
Žádné tagy, Buďte první, kdo otaguje tento záznam!
|
| Thư viện lưu trữ: | Trung tâm Học liệu Trường Đại học Cần Thơ |
|---|
| LEADER | 00500nam a2200181Ia 4500 | ||
|---|---|---|---|
| 001 | CTU_55423 | ||
| 008 | 210402s9999 xx 000 0 und d | ||
| 020 | |b 35000 | ||
| 082 | |a 658.3 | ||
| 082 | |b D513 | ||
| 100 | |a Trần Kim Dung | ||
| 245 | 0 | |a Quản trị nguồn nhân lực = | |
| 245 | 0 | |b Human resource management | |
| 245 | 0 | |c Trần Kim Dung | |
| 260 | |a H. | ||
| 260 | |b Giáo Dục | ||
| 650 | |a personnel management | ||
| 980 | |a Trung tâm Học liệu Trường Đại học Cần Thơ | ||